Applied Thermodynamics for Engineering Technologists (Record no. 4156)

000 -LEADER
fixed length control field 00397nam a2200145Ia 4500
008 - FIXED-LENGTH DATA ELEMENTS--GENERAL INFORMATION
fixed length control field 200103s9999||||xx |||||||||||||| ||und||
020 ## - INTERNATIONAL STANDARD BOOK NUMBER
International Standard Book Number 9780582274563
082 ## - DEWEY DECIMAL CLASSIFICATION NUMBER
Classification number Column-28
100 ## - MAIN ENTRY--PERSONAL NAME
Personal name Eastop, T.D.
245 #0 - TITLE STATEMENT
Title Applied Thermodynamics for Engineering Technologists
250 ## - EDITION STATEMENT
Edition statement 5th ed.
260 ## - PUBLICATION, DISTRIBUTION, ETC. (IMPRINT)
Name of publisher, distributor, etc Educational Low-Priced Books Scheme
Date of publication, distribution, etc 1995
Place of publication, distribution, etc England
300 ## - PHYSICAL DESCRIPTION
Extent xix, 715p.
942 ## - ADDED ENTRY ELEMENTS (KOHA)
Item type Books
Holdings
Withdrawn status Lost status Source of classification or shelving scheme Damaged status Not for loan Permanent location Current location Date acquired Full call number Barcode Date last seen Koha item type Public note
          IMU-MPC Library IMU-MPC Library 2020-01-08 Column-28 LBS10191 2025-03-17 Books Column - 28
Copyright © 2021 Indian Maritime University, Mumbai Port Campus. All Rights Reserved. Managed & Maintained by Central Library, IMU-Mumbai

webs counters

Powered by Koha